100 Cases in Surgery (Record no. 5100)
[ view plain ]
| 000 -LEADER | |
|---|---|
| fixed length control field | 00559nam a22002177a 4500 |
| 003 - CONTROL NUMBER IDENTIFIER | |
| control field | OSt |
| 005 - DATE AND TIME OF LATEST TRANSACTION | |
| control field | 20260310020129.0 |
| 008 - FIXED-LENGTH DATA ELEMENTS--GENERAL INFORMATION | |
| fixed length control field | 160829b xxu||||| |||| 00| 0 eng d |
| 020 ## - INTERNATIONAL STANDARD BOOK NUMBER | |
| International Standard Book Number | 9781444174274 |
| 040 ## - CATALOGING SOURCE | |
| Transcribing agency | DMLN |
| 082 ## - DEWEY DECIMAL CLASSIFICATION NUMBER | |
| Classification number | WO18 C267j 2014 |
| 100 ## - MAIN ENTRY--PERSONAL NAME | |
| Personal name | Gossage, James A. [et....al] |
| 9 (RLIN) | 10931 |
| 245 ## - TITLE STATEMENT | |
| Title | 100 Cases in Surgery |
| 250 ## - EDITION STATEMENT | |
| Edition statement | 2nd ed. |
| 260 ## - PUBLICATION, DISTRIBUTION, ETC. (IMPRINT) | |
| Place of publication, distribution, etc. | Boca Raton; CRC Press, 2014 |
| 300 ## - PHYSICAL DESCRIPTION | |
| Extent | x,237p; ccol.ill: 23cm |
| 504 ## - BIBLIOGRAPHY, ETC. NOTE | |
| Bibliography, etc | Index included |
| 650 ## - SUBJECT ADDED ENTRY--TOPICAL TERM | |
| Topical term or geographic name as entry element | Surgery |
| 9 (RLIN) | 323 |
| 650 ## - SUBJECT ADDED ENTRY--TOPICAL TERM | |
| Topical term or geographic name as entry element | MCQs in surgery |
| 9 (RLIN) | 10932 |
| 942 ## - ADDED ENTRY ELEMENTS (KOHA) | |
| Source of classification or shelving scheme | Other/Generic Classification Scheme |
| Koha item type | Open Shelf |
| Koha issues (borrowed), all copies | 2 |
| Withdrawn status | Lost status | Source of classification or shelving scheme | Damaged status | Not for loan | Home library | Current library | Date acquired | Source of acquisition | Inventory number | Total Checkouts | Full call number | Barcode | Date last seen | Date last checked out | Koha item type | Checked out |
|---|---|---|---|---|---|---|---|---|---|---|---|---|---|---|---|---|
| Other/Generic Classification Scheme | MUST Main Library | MUST Main Library | 29/08/2016 | Purchase | 16/39685 | 1 | WO18 C267j 2014 | 2016-3873 | 06/12/2019 | 27/08/2019 | Open Shelf | |||||
| Other/Generic Classification Scheme | MUST Main Library | MUST Main Library | 29/08/2016 | 16/39686 | 2 | WO18 C267j 2014 | 2016-3874 | 09/03/2026 | 09/03/2026 | Book Bank | 30/04/2026 | |||||
| Other/Generic Classification Scheme | MUST Main Library | MUST Main Library | 29/08/2016 | 16/39687 | WO18 C267j 2014 | 2016-3875 | 29/08/2016 | Book Bank | ||||||||
| Other/Generic Classification Scheme | MUST Main Library | MUST Main Library | 29/08/2016 | 16/39688 | 2 | WO18 C267j 2014 | 2016-3876 | 18/02/2026 | 18/02/2026 | Book Bank | 30/04/2026 | |||||
| Other/Generic Classification Scheme | MUST Main Library | MUST Main Library | 29/08/2016 | 16/39689 | 1 | WO18 C267j 2014 | 2016-3877 | 06/12/2019 | 27/08/2019 | Book Bank | ||||||
| Other/Generic Classification Scheme | MUST Main Library | MUST Main Library | 29/08/2016 | 16/39690 | WO18 C267j 2014 | 2016-3878 | 29/08/2016 | Book Bank |
